000
00270nam a22001337a 4500
003
SGT
082
_a
628.16
_b
W00F
100
_a
FEWTRELL, LORNA
245
_a
WATER QUALITY
260
_a
DELHI
_b
AITBS
_c
SN
300
_a
424
650
_a
WATERT TREATMENT
942
_2
ddc
_c
BK
999
_c
8498
_d
8498